[Event "London Classic - FIDE Open"]
[Site "Olympia"]
[Date "2009.12.11"]
[Round "5"]
[White "Taylor, Peter P"]
[Black "Summerscale, Aaron P"]
[Result "0-1"]
[WhiteElo "2221"]
[BlackElo "2449"]
[PlyCount "92"]
[EventDate "2009.??.??"]

1. Nf3 e6 2. c4 f5 3. g3 Nf6 4. Bg2 Be7 5. O-O O-O 6. d4 c6 7. b3 a5 8. Nc3 d5
9. Qc2 Ne4 10. e3 b6 11. Bb2 Bb7 12. Ne2 Bd6 13. Nf4 Qe7 14. Ne5 Nd7 15. a4
Nxe5 16. dxe5 Bc7 17. Rfd1 Rad8 18. Rac1 c5 19. Ne2 Ba6 20. h4 dxc4 21. bxc4
Rxd1+ 22. Rxd1 Rd8 23. Rxd8+ Qxd8 24. Bxe4 fxe4 25. Nf4 Qd7 26. Qxe4 Bd8 27.
Bc3 Bb7 28. Qd3 Bc6 29. Qd6 Kf7 30. Nd3 Bxa4 31. f4 Bc7 32. Qxd7+ Bxd7 33. Kf2
Ba4 34. f5 Bb3 35. fxe6+ Ke7 36. Nf4 Bxc4 37. e4 Bd8 38. Nd5+ Kxe6 39. Nf4+ Ke7
40. Nh5 g6 41. Nf6 h5 42. Nd5+ Ke6 43. Nf4+ Kf7 44. Ke3 b5 45. Kd2 b4 46. Ba1
a4 0-1

[Event "London Classic - FIDE Open"]
[Site "Olympia"]
[Date "2009.12.11"]
[Round "5"]
[White "Berzinsh, Roland"]
[Black "Maduekwe, Chiedu"]
[Result "1-0"]
[WhiteElo "2424"]
[BlackElo "2182"]
[PlyCount "67"]
[EventDate "2009.??.??"]

1. e4 e6 2. d4 d5 3. exd5 exd5 4. Nf3 Nf6 5. c4 Bb4+ 6. Nc3 O-O 7. Be2 Bg4 8.
O-O dxc4 9. Bxc4 Nc6 10. Be3 Bh5 11. a3 Bxc3 12. bxc3 Nd5 13. Bd2 Nce7 14. Re1
c6 15. Re5 Bg6 16. Qe2 Nc8 17. Qd1 f6 18. Re1 b5 19. Ba2 Ncb6 20. Nh4 Bf7 21.
Qg4 Qd7 22. Nf5 g6 23. Nh6+ Kg7 24. Qxd7 Nxd7 25. Nxf7 Rxf7 26. Re6 Nb8 27. Re8
Re7 28. Re1 Rxe1+ 29. Bxe1 Kf7 30. Rh8 Kg7 31. Rd8 Nb6 32. Rg8+ Kh6 33. Bd2+ g5
34. f4 {clock time used: 1:39 v 1:43} 1-0

[Event "London Classic - FIDE Open"]
[Site "Olympia"]
[Date "2009.12.11"]
[Round "5"]
[White "Ferguson, Mark"]
[Black "Franklin, Michael J"]
[Result "1/2-1/2"]
[WhiteElo "2410"]
[BlackElo "2181"]
[PlyCount "76"]
[EventDate "2009.??.??"]

1. e4 c5 2. Nf3 a6 3. c4 d6 4. d4 Nd7 5. Nc3 e6 6. Be2 Ne7 7. O-O Ng6 8. Be3
Be7 9. Qd2 O-O 10. Ne1 cxd4 11. Qxd4 e5 12. Qd2 Nf6 13. Nc2 Be6 14. Rac1 Rc8
15. b3 Qa5 16. f3 b5 17. b4 Qc7 18. Nd5 Bxd5 19. cxd5 Qb7 20. Na1 Nf4 21. Nb3
Nxe2+ 22. Qxe2 Rxc1 23. Rxc1 Rc8 24. Na5 Rxc1+ 25. Bxc1 Qc7 26. Nc6 Kf8 27. a4
Qb7 28. axb5 axb5 29. Qa2 Bd8 30. g3 Ne8 31. Kg2 Bb6 32. f4 f6 33. Qe2 Qa6 34.
Qg4 Qa2+ 35. Kh3 Bg1 36. Qe6 Qxh2+ 37. Kg4 Qe2+ 38. Kh3 Qh2+ 1/2-1/2

[Event "London Classic - FIDE Open"]
[Site "Olympia"]
[Date "2009.12.11"]
[Round "5"]
[White "Almond, Richard J"]
[Black "Slavin, Alexei"]
[Result "0-1"]
[WhiteElo "2174"]
[BlackElo "2392"]
[PlyCount "56"]
[EventDate "2009.??.??"]

1. d4 Nf6 2. c4 e6 3. Nc3 Bb4 4. Qc2 Nc6 5. Nf3 d6 6. Bd2 O-O 7. a3 Bxc3 8.
Bxc3 Re8 9. g3 e5 10. dxe5 dxe5 11. Rd1 Qe7 12. Bg2 a5 13. O-O a4 14. Ng5 h6
15. Ne4 Nd7 16. Bh3 Nb6 17. Bxc8 Rexc8 18. c5 Nd7 19. Bb4 Qe6 20. e3 f5 21. Nd2
Nf6 22. Qc4 Kf7 23. Qb5 e4 24. Bc3 Nd5 25. Nc4 Kg8 26. Bd4 Nxd4 27. Rxd4 c6 28.
Qxb7 Rcb8 0-1

[Event "London Classic - FIDE Open"]
[Site "Olympia"]
[Date "2009.12.11"]
[Round "5"]
[White "Remmler, Hans-Peter"]
[Black "Bellin, Robert"]
[Result "1/2-1/2"]
[WhiteElo "2218"]
[BlackElo "2388"]
[PlyCount "46"]
[EventDate "2009.??.??"]

1. d4 f5 2. c4 Nf6 3. g3 e6 4. Bg2 Be7 5. Nc3 O-O 6. Nf3 d5 7. b3 Ne4 8. Qc2
Nc6 9. O-O Nb4 10. Qb2 c5 11. cxd5 Bf6 12. e3 cxd4 13. Nxd4 exd5 14. Rd1 Nc6
15. Nce2 Kh8 16. Bd2 Qe8 17. Be1 Bd7 18. Rac1 Rd8 19. Qb1 a6 20. Nxc6 bxc6 21.
Bb4 Be7 22. Bxe7 Qxe7 23. Qd3 Rfe8 1/2-1/2

[Event "London Classic - FIDE Open"]
[Site "Olympia"]
[Date "2009.12.11"]
[Round "5"]
[White "Collyer, Curt D"]
[Black "Warman, Simon M"]
[Result "1-0"]
[WhiteElo "2294"]
[BlackElo "2153"]
[PlyCount "65"]
[EventDate "2009.??.??"]

1. d4 c5 2. d5 d6 3. c4 g6 4. Nc3 Bg7 5. e4 Nf6 6. f3 O-O 7. Nge2 e6 8. Ng3 Na6
9. Be2 Nc7 10. Bg5 exd5 11. cxd5 b5 12. Qd2 b4 13. Nd1 Re8 14. O-O a5 15. Qf4
Ncxd5 16. exd5 Nxd5 17. Qd2 Bd4+ 18. Qxd4 Qxg5 19. f4 Rxe2 20. fxg5 Rxg2+ 21.
Kxg2 cxd4 22. Ne4 Bb7 23. Kg3 Ne7 24. Nxd6 Bd5 25. Re1 Kf8 26. Nf2 Rd8 27. Nfe4
Nc6 28. Nf6 Be6 29. Nb7 Rb8 30. Nc5 Rb5 31. Rac1 Ne7 32. Re5 Nf5+ 33. Kf4 1-0

[Event "London Classic - FIDE Open"]
[Site "Olympia"]
[Date "2009.12.11"]
[Round "5"]
[White "Storey, Charles H"]
[Black "Player, Edmund C"]
[Result "0-1"]
[WhiteElo "2292"]
[BlackElo "2149"]
[PlyCount "96"]
[EventDate "2009.??.??"]

1. e4 e6 2. d4 d5 3. Nd2 Nf6 4. e5 Nfd7 5. f4 c5 6. c3 Nc6 7. Ndf3 Qb6 8. h4
cxd4 9. cxd4 Bb4+ 10. Kf2 f6 11. Kg3 Nf8 12. a3 Be7 13. b4 Bd7 14. Ne2 a5 15.
b5 Qxb5 16. Nc3 Qb6 17. Rb1 Qa7 18. Rh3 Nd8 19. Kh2 Nf7 20. f5 Bc6 21. Rg3 g6
22. exf6 Bd6 23. Nb5 Qb8 24. Nxd6+ Qxd6 25. Ne5 exf5 26. Nxc6 bxc6 27. Qe1+ Ne6
28. Bf4 Qd7 29. Re3 Nfd8 30. Be5 O-O 31. Bd3 Nf7 32. Qg3 Nxe5 33. Rxe5 f4 34.
Qg4 Rxf6 35. Bf5 Re8 36. Rbe1 Kf7 37. Bd3 Qd6 38. h5 f3 39. hxg6+ hxg6 40. Qh4
Kg7 41. Qg3 Rh8+ 42. Kg1 f2+ 43. Qxf2 Rxf2 44. Kxf2 Rf8+ 45. Kg1 Nxd4 46. Rg5
Qf6 47. Rxg6+ Qxg6 48. Bxg6 Kxg6 0-1

[Event "London Classic - FIDE Open"]
[Site "Olympia"]
[Date "2009.12.11"]
[Round "5"]
[White "Roberson, Peter T"]
[Black "Lenier, Jude"]
[Result "1/2-1/2"]
[WhiteElo "2236"]
[BlackElo "1828"]
[PlyCount "80"]
[EventDate "2009.??.??"]

1. e4 e5 2. Nf3 Nc6 3. Bc4 Bc5 4. c3 Nf6 5. d4 exd4 6. cxd4 Bb4+ 7. Nbd2 d5 8.
exd5 Nxd5 9. O-O O-O 10. a3 Ba5 11. Ne4 Bg4 12. Bg5 Qd7 13. h3 Bxf3 14. Qxf3
Nxd4 15. Qd3 Bb6 16. Rad1 Rfe8 17. Be3 Qf5 18. Ng5 Qxd3 19. Rxd3 Ne2+ 20. Kh2
c6 21. Bxb6 axb6 22. g3 Rad8 23. Re1 h6 24. Nf3 Re4 25. Nd2 Ree8 26. Nb3 Re4
27. Nd2 Ree8 28. Nb3 Re4 29. Bxd5 Rxd5 30. Rxd5 cxd5 31. Rd1 d4 32. Kg2 f5 33.
Kf3 Kf7 34. Rd2 Ng1+ 35. Kg2 Ne2 36. Kf3 Ng1+ 37. Kg2 Ne2 38. Kf1 d3 39. Rxd3
f4 40. gxf4 Nxf4 1/2-1/2

[Event "London Classic - FIDE Open"]
[Site "Olympia"]
[Date "2009.12.11"]
[Round "5"]
[White "Quillan, Gary"]
[Black "Gregory, Philip J"]
[Result "1-0"]
[WhiteElo "2394"]
[BlackElo "2110"]
[PlyCount "51"]
[EventDate "2009.??.??"]

1. e4 e5 2. Nf3 Nc6 3. Bb5 a6 4. Ba4 Nf6 5. O-O Nxe4 6. d4 b5 7. Bb3 d5 8. dxe5
Be6 9. Nbd2 Nc5 10. c3 Be7 11. Bc2 Bg4 12. Re1 O-O 13. Nb3 Nxb3 14. Bxb3 d4 15.
h3 Bxf3 16. Qxf3 Na5 17. Bd5 c6 18. Be4 dxc3 19. Qxc3 f5 20. exf6 Bxf6 21. Qc2
h6 22. Be3 Rc8 23. Bf5 Rb8 24. Rad1 Qc7 25. Rd7 Qe5 26. Bd2 1-0

[Event "London Classic - FIDE Open"]
[Site "Olympia"]
[Date "2009.12.11"]
[Round "5"]
[White "Tozer, Philip"]
[Black "Madan, Augustin"]
[Result "1-0"]
[WhiteElo "2106"]
[BlackElo "2384"]
[PlyCount "69"]
[EventDate "2009.??.??"]

1. c4 e5 2. g3 Nc6 3. Bg2 f5 4. Nc3 Nf6 5. Nf3 Bc5 6. Na4 Be7 7. d4 e4 8. Ng5
d5 9. cxd5 Qxd5 10. Nc3 Qxd4 11. Qb3 Rf8 12. Bf4 h6 13. Ne6 Bxe6 14. Qxe6 Qd7
15. Qxd7+ Kxd7 16. O-O-O+ Kc8 17. f3 g5 18. Be3 exf3 19. exf3 Bb4 20. h4 f4 21.
gxf4 gxh4 22. Rxh4 Bxc3 23. bxc3 h5 24. Bh3+ Kb8 25. Be6 a5 26. f5 a4 27. Bh6
Re8 28. Bg7 Ng8 29. Rxh5 Ka7 30. Bd7 Re2 31. Bxc6 bxc6 32. f6 Rb8 33. Ra5+ Kb6
34. Rxa4 Kc5 35. f7 1-0

[Event "London Classic - FIDE Open"]
[Site "Olympia"]
[Date "2009.12.11"]
[Round "5"]
[White "Fegan, Chris"]
[Black "Lagerman, Robert"]
[Result "0-1"]
[WhiteElo "2078"]
[BlackElo "2358"]
[PlyCount "100"]
[EventDate "2009.??.??"]

1. d4 Nf6 2. Nf3 g6 3. Nc3 d5 4. Bf4 Bg7 5. Qd2 Ne4 6. Nxe4 dxe4 7. Ne5 f6 8.
Nc4 Be6 9. e3 O-O 10. Na3 c6 11. Bc4 Bxc4 12. Nxc4 Qd5 13. Qe2 Nd7 14. O-O Rac8
15. Rfd1 Rfd8 16. c3 Nf8 17. Nd2 Kh8 18. Qc4 e6 19. Qb3 b5 20. a4 a6 21. c4
bxc4 22. Qxc4 c5 23. Qxd5 exd5 24. dxc5 f5 25. Rab1 Rxc5 26. b4 Rc2 27. b5 axb5
28. axb5 Ne6 29. Bg3 g5 30. Nb3 f4 31. exf4 gxf4 32. Bh4 Rd7 33. b6 Be5 34. Na5
d4 35. b7 Bb8 36. Rb6 Rd6 37. Rbb1 Kg7 38. Rbc1 d3 39. Be7 Rb6 40. Ba3 Rb5 41.
Ra1 Rxa5 42. Bf8+ Nxf8 43. Rxa5 e3 44. fxe3 fxe3 45. Raa1 Rc3 46. g3 Nd7 47.
Kg2 Ne5 48. Ra8 Rc2+ 49. Kh3 e2 50. Rda1 Nc6 0-1

[Event "London Classic - FIDE Open"]
[Site "Olympia"]
[Date "2009.12.11"]
[Round "5"]
[White "Bennion, David"]
[Black "Sinanan, Joshua C"]
[Result "0-1"]
[WhiteElo "2025"]
[BlackElo "2249"]
[PlyCount "106"]
[EventDate "2009.??.??"]

1. d4 Nf6 2. c4 e6 3. Nc3 Bb4 4. Qc2 O-O 5. Nf3 b6 6. e3 Bb7 7. Bd3 d6 8. Bd2
Bxc3 9. Bxc3 Nbd7 10. Ng5 h6 11. h4 Qe7 12. f3 e5 13. O-O-O Rfe8 14. g4 e4 15.
fxe4 Nxe4 16. Nxe4 Bxe4 17. g5 Bxh1 18. Rxh1 Qxe3+ 19. Bd2 Qxd4 20. Bh7+ Kf8
21. gxh6 Re2 22. Bd3 Rxd2 23. Qxd2 gxh6 24. Qxh6+ Qg7 25. Qxg7+ Kxg7 26. Rg1+
Kf6 27. Rf1+ Ke7 28. h5 Rh8 29. Be2 Rh6 30. Kd2 Nf6 31. Bf3 Rh7 32. Rh1 Ke6 33.
Ke3 Ke5 34. Be2 d5 35. h6 d4+ 36. Kf3 Ng8 37. Rh5+ f5 38. Rxf5+ Kxf5 39. Bd3+
Ke5 40. Bxh7 Nxh6 41. Bd3 Nf7 42. Kg4 a5 43. Kf3 Ng5+ 44. Ke2 Ne6 45. Bc2 Nf4+
46. Kd2 Kd6 47. Bh7 Kc5 48. Bg8 a4 49. Bf7 Kb4 50. Kc2 a3 51. b3 Ne2 52. Kd3
Nc1+ 53. Kxd4 Nxa2 0-1

[Event "London Classic - FIDE Open"]
[Site "Olympia"]
[Date "2009.12.11"]
[Round "5"]
[White "Coleman, David J"]
[Black "Sara, Valerio"]
[Result "1/2-1/2"]
[WhiteElo "2244"]
[BlackElo "2072"]
[PlyCount "120"]
[EventDate "2009.??.??"]

1. e4 c5 2. Nf3 d6 3. d4 cxd4 4. Nxd4 Nf6 5. Nc3 a6 6. Be2 e5 7. Nb3 Be7 8. Be3
Be6 9. O-O O-O 10. Kh1 Nc6 11. f4 exf4 12. Bxf4 Rc8 13. Bf3 Ne5 14. Nd4 Qc7 15.
Nf5 Bxf5 16. exf5 b5 17. Rc1 Nc4 18. b3 Ne5 19. Nd5 Nxd5 20. Bxd5 Qc3 21. Re1
Qb2 22. Re2 Bf6 23. c4 Qa3 24. cxb5 axb5 25. Rec2 Rxc2 26. Qxc2 Qb4 27. Bg3 Qd4
28. Rd1 Qg4 29. a4 bxa4 30. bxa4 h5 31. Bf2 Qb4 32. Be1 Qf4 33. Bd2 Qf2 34. Qe4
Ng4 35. Bf4 Qc5 36. Bg3 Be5 37. h3 Nf6 38. Qf3 Bxg3 39. Bxf7+ Rxf7 40. Qxg3
Qxf5 41. Qxd6 Ne4 42. Qb8+ Rf8 43. Rd8 Ng3+ 44. Kh2 h4 45. Rxf8+ Qxf8 46. Qxf8+
Kxf8 47. a5 Nf1+ 48. Kg1 Nd2 49. a6 Nc4 50. Kf2 Ke7 51. Kf3 Kf6 52. Ke4 Nb6 53.
Kd4 Ke6 54. Kc5 Nc8 55. Kc6 Ke7 56. Kc7 Na7 57. Kb6 Nc8+ 58. Kc7 Na7 59. Kb6
Nc8+ 60. Kc7 Na7 1/2-1/2

[Event "London Classic - FIDE Open"]
[Site "Olympia"]
[Date "2009.12.11"]
[Round "5"]
[White "Healey, Michael W"]
[Black "Harari, Zaki"]
[Result "1-0"]
[WhiteElo "2058"]
[BlackElo "2218"]
[PlyCount "106"]
[EventDate "2009.??.??"]

1. f4 d5 2. Nf3 c5 3. e3 g6 4. Nc3 Bg7 5. Bb5+ Bd7 6. Qe2 e6 7. O-O Ne7 8.
Bxd7+ Nxd7 9. d3 O-O 10. Kh1 a6 11. a4 Qc7 12. e4 Rfe8 13. g4 d4 14. Nd1 Rac8
15. b3 f5 16. gxf5 exf5 17. e5 Nd5 18. Qg2 Qc6 19. Nf2 Nf8 20. h4 Ne6 21. Nh3
Bh6 22. Qg3 Ng7 23. Bd2 Nh5 24. Qh2 Rc7 25. a5 Rce7 26. Kg1 Bf8 27. Kf2 Ndf6
28. Qg2 Ng4+ 29. Kg1 Qd7 30. Nh2 Nxh2 31. Kxh2 Rg7 32. Ng5 h6 33. Nf3 Be7 34.
Kg1 Bd8 35. Rae1 Bc7 36. Kh1 Qd8 37. Ra1 Re6 38. Rfe1 Qd7 39. Kg1 Bd8 40. Kf2
Be7 41. Rh1 Bd8 42. Ra4 Kh7 43. Qh3 Qc6 44. Rc4 Qb5 45. Ra1 Rd7 46. Qh1 Be7 47.
Kg2 Qc6 48. Rb1 Qd5 49. Kh3 Rc6 50. b4 Ng7 51. Qg2 Qf7 52. e6 Rxe6 53. bxc5 Bf6
{a huge time scramble followed, ending in White's favour} 1-0

[Event "London Classic - FIDE Open"]
[Site "Olympia"]
[Date "2009.12.11"]
[Round "5"]
[White "Lasinskas, Povilas"]
[Black "McKerracher, Douglas"]
[Result "1-0"]
[WhiteElo "2187"]
[BlackElo "1957"]
[PlyCount "67"]
[EventDate "2009.??.??"]

1. d4 f5 2. e4 fxe4 3. Nc3 Nf6 4. Bg5 Nc6 5. d5 Ne5 6. Qd4 Nf7 7. f4 d6 8.
O-O-O c5 9. dxc6 bxc6 10. Nxe4 Qb6 11. Bxf6 gxf6 12. Nxf6+ exf6 13. Qxf6 Qe3+
14. Kb1 Be7 15. Qg7 Qxf4 16. Nf3 Qf6 17. Qg3 Bd7 18. Ba6 Rb8 19. b3 Rb6 20. Bd3
Kf8 21. Rhf1 Rg8 22. Qe1 Kg7 23. Qe4 Kf8 24. Rde1 d5 25. Qa4 Rb7 26. Ne5 Qe6
27. Rxf7+ Ke8 28. Rxe7+ Qxe7 29. Nf3 Be6 30. Qxc6+ Kf7 31. Rxe6 Qxe6 32. Qxb7+
Kf6 33. Qxh7 Rg7 34. Qh4+ 1-0

[Event "London Classic - FIDE Open"]
[Site "Olympia"]
[Date "2009.12.11"]
[Round "5"]
[White "Friedland, Jon S"]
[Black "Sagues, Vincent"]
[Result "1/2-1/2"]
[WhiteElo "2162"]
[BlackElo "1948"]
[PlyCount "81"]
[EventDate "2009.??.??"]

1. e4 e6 2. d4 d5 3. Nc3 Nf6 4. Bg5 Be7 5. e5 Nfd7 6. Bxe7 Qxe7 7. f4 a6 8. Nf3
c5 9. Qd2 Nc6 10. O-O-O c4 11. f5 b5 12. Be2 Nb6 13. f6 gxf6 14. exf6 Qxf6 15.
Rhf1 Qe7 16. Ng5 f6 17. Bh5+ Kd7 18. Rde1 Nd8 19. Nh3 b4 20. Nd1 c3 21. Qe2 a5
22. Qf3 Ba6 23. Rf2 cxb2+ 24. Nxb2 Rf8 25. Nf4 Rc8 26. Nfd3 Nb7 27. Rfe2 Rc6
28. Bg4 f5 29. Bxf5 Qg5+ 30. Kb1 Rxf5 31. Qh3 h5 32. Re3 Qg6 33. Rf3 Kc7 34.
Qh4 Qg5 35. Qh3 Rxf3 36. Qxf3 Qf5 37. Qg3+ Kc8 38. Qg8+ Kc7 39. Qg3+ Kc8 40.
Qg8+ Kc7 41. Qg3+ 1/2-1/2

[Event "London Classic - FIDE Open"]
[Site "Olympia"]
[Date "2009.12.11"]
[Round "5"]
[White "Krawczyk, Andrzej"]
[Black "Green, Conrad Eliot"]
[Result "1-0"]
[WhiteElo "2152"]
[BlackElo "1650"]
[PlyCount "102"]
[EventDate "2009.??.??"]

1. e4 e5 2. Nf3 Nc6 3. Bc4 h6 4. c3 Nf6 5. d3 Be7 6. Nbd2 d5 7. Bb5 Bd6 8. O-O
Bd7 9. exd5 Nxd5 10. Nc4 Nde7 11. Re1 O-O 12. Bxc6 Nxc6 13. Nfxe5 Nxe5 14. Nxe5
Bf5 15. Qf3 Bxe5 16. Qxf5 Bf6 17. Bf4 c6 18. Re2 Qb6 19. Rae1 Rad8 20. d4 Qa6
21. a3 Qc4 22. h3 Rd5 23. Qg4 Bg5 24. Qg3 Bxf4 25. Qxf4 Rdd8 26. Re7 Qb3 27.
R1e2 a6 28. Qc7 Rb8 29. Kh2 Qd5 30. R2e5 Qd8 31. Qxd8 Rfxd8 32. Rc7 Rdc8 33.
Ree7 Rxc7 34. Rxc7 g6 35. Kg3 Kg7 36. Kf4 Kf6 37. Ke4 Re8+ 38. Kd3 Re7 39. Rxe7
Kxe7 40. g4 Kd6 41. Ke4 b5 42. b3 f6 43. h4 Ke6 44. c4 bxc4 45. bxc4 a5 46. d5+
cxd5+ 47. cxd5+ Kd6 48. Kd4 a4 49. Kc4 g5 50. hxg5 hxg5 51. Kd4 Kd7 {rest of
no interest - White promoted and administered mate on move 68} 1-0

[Event "London Classic - FIDE Open"]
[Site "Olympia"]
[Date "2009.12.11"]
[Round "5"]
[White "Yekta, Alireza S"]
[Black "Casiot, David J"]
[Result "1-0"]
[WhiteElo "1762"]
[BlackElo "2143"]
[PlyCount "127"]
[EventDate "2009.??.??"]

1. d4 e6 2. e3 f5 3. f4 Nf6 4. Nf3 Be7 5. Bd3 b6 6. O-O Bb7 7. c3 O-O 8. Qe2
Qe8 9. b3 Ne4 10. Bb2 d6 11. c4 Nd7 12. Nbd2 Ndf6 13. Rac1 c5 14. a3 a5 15. Bb1
Nxd2 16. Nxd2 Ne4 17. Nxe4 fxe4 18. dxc5 bxc5 19. Qg4 Bf6 20. Bxf6 Rxf6 21.
Rfd1 Rd8 22. Rd2 Qc6 23. Rcd1 Qb6 24. Bc2 Rd7 25. Qh3 Qd8 26. Qg3 Bc6 27. Qf2
Rff7 28. g4 d5 29. Qg2 dxc4 30. bxc4 Rxd2 31. Rxd2 Rd7 32. Rxd7 Qxd7 33. Qe2 h6
34. Qd1 Qe7 35. Ba4 Bxa4 36. Qxa4 Qd8 37. Qc2 Qh4 38. Qd2 Qf6 39. Qc2 Qa1+ 40.
Kg2 Qxa3 41. Qxe4 Qb2+ 42. Kg3 Qb6 43. Qa8+ Kf7 44. h4 Qc7 45. Kf3 Ke7 46. Ke2
Kd7 47. g5 hxg5 48. hxg5 Qd8 49. Qa7+ Qc7 50. Qxc7+ Kxc7 51. Kd3 Kd6 52. e4 Ke7
53. Kc3 a4 54. Kb2 Kf7 55. f5 exf5 56. exf5 Ke7 57. Ka3 Kd6 58. Kxa4 Ke5 59. f6
gxf6 60. gxf6 Kxf6 61. Kb5 Ke7 62. Kxc5 Kd7 63. Kb6 Kc8 64. Kc6 1-0

[Event "London Classic - FIDE Open"]
[Site "Olympia"]
[Date "2009.12.11"]
[Round "5"]
[White "Barrett, Stephen J"]
[Black "Lie, Terje"]
[Result "1-0"]
[WhiteElo "2202"]
[BlackElo "1666"]
[PlyCount "105"]
[EventDate "2009.??.??"]

1. d4 Nf6 2. c4 e6 3. Nc3 Bb4 4. Qc2 b6 5. a3 Bxc3+ 6. Qxc3 d6 7. Bg5 Nbd7 8.
f3 O-O 9. e3 h6 10. Bh4 c5 11. dxc5 dxc5 12. Bd3 Bb7 13. Ne2 Qc8 14. O-O Nh7
15. Rad1 Ndf6 16. Rd2 Re8 17. Rfd1 e5 18. Bb1 e4 19. f4 Qg4 20. Bf2 Re7 21. h3
Qc8 22. Bh4 Rd7 23. Qe5 Rxd2 24. Rxd2 Qe8 25. Nc3 Rd8 26. Rxd8 Qxd8 27. Bxe4
Bxe4 28. Nxe4 Qd1+ 29. Kh2 Nxe4 30. Qxe4 Qd7 31. Qe7 Nf8 32. Qxd7 Nxd7 33. Kg3
f5 34. Kf3 Kf7 35. e4 g6 36. g4 Ke6 37. Bd8 Nb8 38. exf5+ gxf5 39. Kg3 Nc6 40.
Bc7 Kf6 41. Kh4 Kg6 42. gxf5+ Kxf5 43. Kh5 Nd4 44. Kxh6 Ne6 45. Be5 a6 46. h4
b5 47. cxb5 axb5 48. h5 c4 49. Kh7 Nf8+ 50. Kg8 Ne6 51. h6 Nf8 52. Kxf8 Kg6 53.
Bg7 1-0

[Event "London Classic - FIDE Open"]
[Site "Olympia"]
[Date "2009.12.11"]
[Round "5"]
[White "Hodgson, John H"]
[Black "Phillips, William"]
[Result "1/2-1/2"]
[WhiteElo "2189"]
[BlackElo "1998"]
[PlyCount "57"]
[EventDate "2009.??.??"]

1. e4 d6 2. d4 Nf6 3. Nc3 g6 4. f4 d5 5. e5 Ne4 6. Nxe4 dxe4 7. Bc4 f5 8. Be3
e6 9. Ne2 c6 10. O-O b5 11. Bb3 Na6 12. a4 b4 13. c4 bxc3 14. bxc3 Nc7 15. c4
Bb4 16. Bd2 Qe7 17. Bxb4 Qxb4 18. Rb1 O-O 19. Kh1 Qa5 20. Qc1 Ba6 21. Qe3 Rfb8
22. g4 Rb4 23. gxf5 exf5 24. Rbc1 Rab8 25. Rc3 Kh8 26. Rg1 Qb6 27. Rg3 Ne6 28.
Kg2 c5 29. dxc5 1/2-1/2

[Event "London Classic - FIDE Open"]
[Site "Olympia"]
[Date "2009.12.11"]
[Round "5"]
[White "Vachtfeidl, Petr"]
[Black "Regan, Natasha K"]
[Result "1-0"]
[WhiteElo "2019"]
[BlackElo "2170"]
[PlyCount "97"]
[EventDate "2009.??.??"]

1. e4 Nf6 2. e5 Nd5 3. d4 d6 4. Nf3 dxe5 5. Nxe5 c6 6. Be2 Bf5 7. O-O Nd7 8.
Nf3 e6 9. c4 Nb4 10. a3 Nc2 11. Ra2 c5 12. Nc3 Nxd4 13. Nxd4 cxd4 14. Qxd4 Nc5
15. Be3 Qxd4 16. Bxd4 Nb3 17. Be3 Bc5 18. Bxc5 Nxc5 19. Bf3 Bd3 20. Be2 Bxe2
21. Nxe2 Nb3 22. Rd1 Rd8 23. Rxd8+ Kxd8 24. a4 Na5 25. c5 Nb3 26. c6 bxc6 27.
Ra3 Nc5 28. b4 Nb7 29. Nd4 Kd7 30. Rf3 Rf8 31. Rc3 Rc8 32. Nb3 Nd6 33. Nc5+ Ke7
34. f4 Rb8 35. Nd3 Ne4 36. Rxc6 Rd8 37. Rc4 Rxd3 38. Rxe4 Rd2 39. b5 Kd6 40.
Rc4 f6 41. Rc6+ Kd5 42. Ra6 Ra2 43. Rxa7 Ke4 44. h3 Kxf4 45. Rxg7 e5 46. b6 e4
47. b7 Rb2 48. a5 e3 49. a6 1-0

[Event "London Classic - FIDE Open"]
[Site "Olympia"]
[Date "2009.12.11"]
[Round "5"]
[White "Boger, Raymond"]
[Black "Quinn, John M"]
[Result "1/2-1/2"]
[WhiteElo "1959"]
[BlackElo "2161"]
[PlyCount "109"]
[EventDate "2009.??.??"]

1. c4 Nf6 2. g3 g6 3. Bg2 Bg7 4. Nc3 e5 5. e4 d6 6. Nge2 O-O 7. O-O Be6 8. d3
c6 9. h3 Ne8 10. Be3 f5 11. Qd2 Qd7 12. Kh2 a5 13. f4 Na6 14. Na4 Qf7 15. Nb6
Rd8 16. Qxa5 Nf6 17. Nc3 Qc7 18. Rac1 Nh5 19. Ne2 Nc5 20. Bxc5 dxc5 21. Qxc5
Rxd3 22. Nd5 Bxd5 23. cxd5 Nxg3 24. Nxg3 exf4 25. dxc6 fxg3+ 26. Kh1 Rd2 27.
exf5 bxc6 28. fxg6 hxg6 29. b4 Qd7 30. Qe3 Qd6 31. a4 Rd3 32. Qe4 Rd2 33. a5
Rff2 34. Rxf2 gxf2 35. Rf1 Rd4 36. Qxc6 Qxc6 37. Bxc6 Rxb4 38. Rxf2 Rb1+ 39.
Kg2 Ra1 40. Bd5+ Kh7 41. Ba2 Bd4 42. Rc2 Kh6 43. a6 Re1 44. Bc4 Ra1 45. Kf3
Ra3+ 46. Ke4 Ba7 47. Bd3 Ra4+ 48. Ke5 Ra3 49. Bf1 Ra1 50. Be2 Ra3 51. h4 Bf2
52. h5 gxh5 53. Kf5 Ra5+ 54. Kf4 Ra4+ 55. Kf3 1/2-1/2

[Event "London Classic - FIDE Open"]
[Site "Olympia"]
[Date "2009.12.11"]
[Round "5"]
[White "Cannon, Raymond C"]
[Black "Bishop, Geoffrey L"]
[Result "1-0"]
[WhiteElo "2067"]
[BlackElo "1839"]
[PlyCount "71"]
[EventDate "2009.??.??"]

1. e4 Nf6 2. e5 Nd5 3. d4 d6 4. Nf3 dxe5 5. Nxe5 g6 6. Bc4 Nc6 7. Nxf7 Kxf7 8.
Qf3+ Ke8 9. Bxd5 e6 10. Bxc6+ bxc6 11. Qxc6+ Bd7 12. Qe4 Bg7 13. O-O Rf8 14.
Nc3 Kf7 15. Bf4 Kg8 16. Be5 Rb8 17. Bxg7 Kxg7 18. Qe5+ Kg8 19. d5 Rf5 20. Qe4
Qf6 21. dxe6 Bxe6 22. Qc6 Rxb2 23. Rae1 Rb6 24. Qxc7 Bf7 25. Qxa7 Ra6 26. Qb8+
Kg7 27. Re3 Qd4 28. Rd1 Qh4 29. Qg3 Qh5 30. Rde1 Rc6 31. a4 Rfc5 32. Nb5 Rc4
33. Re5 Qh6 34. Re7 Re6 35. R7xe6 Bxe6 36. Qe5+ 1-0

[Event "London Classic - FIDE Open"]
[Site "Olympia"]
[Date "2009.12.11"]
[Round "5"]
[White "Milnes, Anthony C P"]
[Black "Gandolfi, Gianfranco"]
[Result "1-0"]
[WhiteElo "2064"]
[BlackElo "1830"]
[PlyCount "77"]
[EventDate "2009.??.??"]

1. f4 Nf6 2. Nf3 d6 3. d3 c5 4. e4 Nc6 5. Be2 Bg4 6. O-O e6 7. c3 Be7 8. Be3 c4
9. h3 Bxf3 10. Bxf3 cxd3 11. Qxd3 Qc7 12. Nd2 O-O 13. Rae1 Rad8 14. g4 Nd7 15.
Nb3 Nc5 16. Qe2 Nxb3 17. axb3 a6 18. Qf2 Qb8 19. Bd1 e5 20. f5 d5 21. exd5 Rxd5
22. b4 Qd8 23. Bb3 Bh4 24. Qg2 Rd7 25. Rd1 h6 26. Qe4 Rxd1 27. Rxd1 Qc7 28. f6
Bxf6 29. Bc2 g6 30. Bxh6 Rd8 31. Rxd8+ Qxd8 32. Bb3 Ne7 33. Qf3 Qb6+ 34. Be3
Qc6 35. Qf2 g5 36. h4 gxh4 37. g5 Bg7 38. Qxf7+ Kh8 39. Qh5+ 1-0

[Event "London Classic - FIDE Open"]
[Site "Olympia"]
[Date "2009.12.11"]
[Round "5"]
[White "Owen, Dennis"]
[Black "Chidi, Lovina Sylvia"]
[Result "1-0"]
[WhiteElo "2055"]
[BlackElo "1819"]
[PlyCount "45"]
[EventDate "2009.??.??"]

1. e4 c5 2. Nf3 d6 3. d4 cxd4 4. Nxd4 Nf6 5. Nc3 a6 6. Be2 e6 7. Bg5 Be7 8. Qd2
Nc6 9. f4 Qc7 10. O-O-O h6 11. Bh4 Bd7 12. Bf3 O-O-O 13. Bf2 Nxd4 14. Bxd4 e5
15. Be3 Bc6 16. Nd5 Bxd5 17. exd5 Kb8 18. Qb4 Rc8 19. c3 exf4 20. Bxf4 Nd7 21.
Kb1 Ne5 22. Bxe5 dxe5 23. d6 1-0

[Event "London Classic - FIDE Open"]
[Site "Olympia"]
[Date "2009.12.11"]
[Round "5"]
[White "Andrews, Garth J"]
[Black "Ivens, Birger"]
[Result "0-1"]
[WhiteElo "1650"]
[BlackElo "2052"]
[PlyCount "62"]
[EventDate "2009.??.??"]

1. d4 d6 2. Nf3 Nf6 3. Bf4 c6 4. h3 Bf5 5. e3 Nbd7 6. Bd3 Bxd3 7. cxd3 e5 8.
dxe5 dxe5 9. Bh2 Bb4+ 10. Nbd2 Qe7 11. O-O Bxd2 12. Qxd2 O-O 13. Rac1 Rfe8 14.
d4 exd4 15. Nxd4 Ne5 16. Rfd1 Ng6 17. Qc2 Nd5 18. a3 Qg5 19. Nf5 Re6 20. Rd4
Rf6 21. Ng3 Nh4 22. Rg4 Qh6 23. Ne4 Rg6 24. Rxg6 Qxg6 25. Bg3 Nf5 26. Bh2 Nfxe3
27. fxe3 Nxe3 28. Qe2 Qxe4 29. Re1 Re8 30. Kh1 f5 31. Bg1 f4 0-1